| 000 | 00949cam a2200205 4500 | ||
|---|---|---|---|
| 001 | WB@3612-389 | ||
| 008 | 041125n2004 000 0 eng u | ||
| 035 | _a(Sirsi) u128128 | ||
| 245 | _aPolar Britain | ||
| 260 | _c2004 | ||
| 490 |
_aRICS Press Release _v(pr102) 24 November 2004 (2) |
||
| 520 | _aThe government wants Britain to become a fairer, more inclusive, mixed society with a greater sense of community. In reality, official statistics show that Britain is becoming more socially polarised, and that housing policy is achieving the opposite of mixed inclusiveness. "Mind the gap" is a new report published by RICS which looks at the widening gulf between the haves and have nots in Britain. http://www.rics.org/RICSWEB/getpage.aspx?p=mfhff2_ LQkmqOKuSZWEwbw== | ||
| 590 | _aWB | ||
| 590 | _aWB | ||
| 650 | _aSOCIAL HOUSING | ||
| 650 |
_aAffordable housing _96215 |
||
| 650 | _aPOLARISATION | ||
| 690 | _aHOUSING | ||
| 942 | _n0 | ||
| 999 |
_c118374 _d118374 |
||